Handbook of naturally occurring food Toxicants
Na minha lista:
| Formato: | Livro |
|---|---|
| Idioma: | Undetermined |
| Publicado em: |
Florida
CRC
1983
|
| Assuntos: | |
| Tags: |
Adicionar Tag
Sem tags, seja o primeiro a adicionar uma tag!
|
| Thư viện lưu trữ: | Trung tâm Học liệu Trường Đại học Cần Thơ |
|---|
| LEADER | 00449nam a2200157Ia 4500 | ||
|---|---|---|---|
| 001 | CTU_8187 | ||
| 008 | 210402s9999 xx 000 0 und d | ||
| 082 | |a 615.9 | ||
| 082 | |b H236n | ||
| 245 | 0 | |a Handbook of naturally occurring food Toxicants | |
| 260 | |a Florida | ||
| 260 | |b CRC | ||
| 260 | |c 1983 | ||
| 650 | |a food - analysis,food poisoning | ||
| 904 | |i Nguyễn Huỳnh Mai, 960910 | ||
| 980 | |a Trung tâm Học liệu Trường Đại học Cần Thơ | ||